Geography Quiz

Random Geography or World Quiz

World Capital per Location Quiz Stats

Quiz Updated Nov 13, 2017

Challenge
Share
Tweet
Embed
Score 0/27 Timer 04:00
6 Plays Today
Range Capital % Correct
10°W -Rabat, London, ...
96.5%
80°W - 70°WWashington, Santiago, ...
96.3%
30°E - 40°ECairo, Moscow, ...
95%
10°E - 20°ERome, Luanda, ...
94.7%
0° - 10°EParis, Algiers, ...
92.4%
20°E - 30°EHelsinki, Pretoria, ...
88.2%
110°E - 120°EBandar Seri Begawan, Beijing
81%
130°E - 140°ENgerulmud, Tokyo
80.7%
140°E - 150°EPort Moresby, Canberra
80.1%
70°E - 80°EIslamabad, New Delhi, ...
80%
100°E - 110°EBangkok, Kuala Lumpur, ...
79.4%
40°E - 50°EBaghdad, Mogadishu, ...
75.3%
120°E - 130°EManila, Seoul, ...
74.4%
170°E - 180°EWellington, Suva, ...
73.6%
Range Capital % Correct
100°W - 90°WMexico City, Guatemala City
73.1%
50°W - 40°WBrasilia
72.7%
60°W - 50°WBridgetown, Buenos Aires, ...
72.6%
50°E - 60°ETehran, Port Louis ...
69.9%
70°W - 60°WSanto Domingo, La Paz, ...
65.4%
90°W - 80°WTegucigalpa, Havana, ...
64.9%
30°W - 20°WReykjavik, Praia
57%
60°E - 70°ETashkent, Kabul, ...
55.7%
20°W - 10°WNouakchott, Monrovia, ...
47.9%
80°E - 90°EThimphu, Kathmandu
46%
90°E - 100°EDhaka, Naypyidaw
40.9%
150°E - 160°EPalikir, Honiara
21.4%
160°E - 170°EPort Vila, Yaren
20.6%

You're not logged in!

Compare scores with friends on all Sporcle quizzes.
Sign Up with Email
OR
Log In

You Might Also Like...

Show Comments

Extras

Top Quizzes Today


Score Distribution

Your Account Isn't Verified!

In order to create a playlist on Sporcle, you need to verify the email address you used during registration. Go to your Sporcle Settings to finish the process.